000 00926nam a2200241Ia 4500
003 OSt
005 20220923221704.0
006 a|||||r|||| 00| 0
007 ta
008 220922b |||||||| |||| 00| 0 hin d
024 _a199,320
037 _cTextual
040 _aARTS
_cARTS
_bhin
041 _2hin
_ahin
082 _aQ:321, 152N0
100 _aसिंह, अमरेन्द्र कुमार
245 0 _aप्राचीन भारतीय धर्म एंव कला में यक्ष किन्नर और दिक्पाल
246 _aPrāchīn bhāratīya dharma eanva kalā mean yakṣha kinnar aur dikpāla
260 _aइलाहाबाद
_b परिमल प्रकाशन
_c1990
300 _a199पृ.
_ccm.
942 _hQ:321, 152N0
_cTEXL
_2CC
999 _c351095
_d351095